000 00283nam a2200133Ia 4500
100 _aSpivakovsky/Dyachkov
942 _cBK
654 _aConveyors
245 _aConveyors & Related Equipment
260 _bPeace publishers
082 _a621.8
300 _a444
546 _aENGLISH
999 _c28530
_d28530